| 000 | 00732nab a2200229u 4500 | ||
|---|---|---|---|
| 001 | 21531 | ||
| 003 | HDC | ||
| 007 | c| |||a|c|aaaa | ||
| 008 | 210307b20100423my ||||o |||| 00| 0 eng d | ||
| 040 | _aHDC | ||
| 100 |
_aFarrukh Naeem / _eauthor _919031 |
||
| 245 | 0 |
_aDubai: Halal Life: Not so Niche / _cFarrukh Naeem |
|
| 336 |
_atext _2rdacontent |
||
| 337 |
_acomputer _2rdamedia |
||
| 338 |
_aonline resource _2rdacarrier |
||
| 650 |
_ahalal food _950 |
||
| 650 |
_aIslamic finance _9181 |
||
| 856 | _zRequest full-text at [email protected] | ||
| 942 | _2lcc | ||
| 942 | _cNEWS | ||
| 942 | _kNWS0 004968 | ||
| 999 |
_c18847 _d18847 |
||